Tendencias actuales del movimiento obrero hondureño: propuesta de una línea de investigación

Guardado en:
Bibliografiske detaljer
Institution som forfatter: UNAH. Centro Universitario de Estudios Generales. Departamento de Ciencias Sociales (Honduras)
Format: Texto
Udgivet: [Tegucigalpa] :
Tags: Tilføj Tag
Ingen Tags, Vær først til at tagge denne postø!

MARC

LEADER 00000 a a2200000 04500
001 15887
003
040
090 |a 015100  
110 |a UNAH. Centro Universitario de Estudios Generales. Departamento de Ciencias Sociales (Honduras)  
245 |a Tendencias actuales del movimiento obrero hondureño: propuesta de una línea de investigación  
260 |a [Tegucigalpa] :  
300 |a 6 p.  
999 |c 12235  |d 12235